Introduction to biological physics (Record no. 140513)
[ view plain ]
| 000 -LEADER | |
|---|---|
| fixed length control field | 00933cam7a220026500 4500 |
| 001 - CONTROL NUMBER | |
| control field | lce00767602 |
| 008 - FIXED-LENGTH DATA ELEMENTS--GENERAL INFORMATION | |
| fixed length control field | 740103s1973 enk b 001 0 eng |
| 010 ## - LIBRARY OF CONGRESS CONTROL NUMBER | |
| LC control number | 72008604 //r89 |
| 015 ## - NATIONAL BIBLIOGRAPHY NUMBER | |
| National bibliography number | GB*** |
| 020 ## - INTERNATIONAL STANDARD BOOK NUMBER | |
| International Standard Book Number | 0471408638 |
| -- | 0471408646 (pbk.) |
| 035 ## - SYSTEM CONTROL NUMBER | |
| System control number | (Sirsi) r54304 |
| 035 ## - SYSTEM CONTROL NUMBER | |
| System control number | (DLC) 72008604 //r89 |
| 035 ## - SYSTEM CONTROL NUMBER | |
| System control number | (UPRA)lce00767602 |
| 040 ## - CATALOGING SOURCE | |
| Modifying agency | ICU |
| 050 0# - LIBRARY OF CONGRESS CALL NUMBER | |
| Classification number | QH505 |
| Item number | .H56 1973 |
| 082 ## - DEWEY DECIMAL CLASSIFICATION NUMBER | |
| Classification number | 574.1/91 |
| 100 1# - MAIN ENTRY--PERSONAL NAME | |
| Personal name | Holwill, M. E. J. (Michael E. J.) |
| Fuller form of name | Holwill, M. E. J. (Michael E. J.) |
| Linkage | A13024.1 |
| 245 10 - TITLE STATEMENT | |
| Title | Introduction to biological physics |
| Statement of responsibility, etc. | [by] M. E. J. Holwill and N. R. Silvester. |
| 260 ## - PUBLICATION, DISTRIBUTION, ETC. | |
| Place of publication, distribution, etc. | London, New York, |
| -- | London, New York, |
| Name of publisher, distributor, etc. | J. Wiley |
| Date of publication, distribution, etc. | [1973] |
| 504 ## - BIBLIOGRAPHY, ETC. NOTE | |
| Bibliography, etc. note | Includes bibliographies. |
| 650 #0 - SUBJECT ADDED ENTRY--TOPICAL TERM | |
| Topical term or geographic name entry element | Biophysics. |
| Linkage | S8766.1 |
| 700 1# - ADDED ENTRY--PERSONAL NAME | |
| Personal name | Silvester, N. R. (Norman R.). |
| Fuller form of name | Silvester, N. R. (Norman R.). |
| Linkage | A13025.1 |
| 949 ## - LOCAL PROCESSING INFORMATION (OCLC) | |
| a | QH505 |
| w | lcc |
| i | 33729000328158 |
| m | MAIN |
| p | 2500 |
| t | BOOK |
| l | ON-SHELF |
No items available.